Los indios de Brasil / (Record no. 15651)

MARC details
000 -LEADER
campo de control de longitud fija 00787nam a2200253 i 4500
001 - NÚMERO DE CONTROL
campo de control 15651
003 - IDENTIFICADOR DE NÚMERO DE CONTROL
campo de control ES-MaACL
005 - FECHA Y HORA DE LA ÚLTIMA TRANSACCIÓN
campo de control 20250730061546.0
007 - CAMPO FIJO DE DESCRIPCIÓN FÍSICA--INFORMACIÓN GENERAL
campo de control de longitud fija t|
008 - DATOS DE LONGITUD FIJA--INFORMACIÓN GENERAL
campo de control de longitud fija 000504s1993 sp ||||1| spa d
020 ## - NÚMERO INTERNACIONAL ESTÁNDAR DEL LIBRO
Número Internacional Estándar del Libro 84-7100-620-0
040 ## - FUENTE DE CATALOGACIÓN
Centro catalogador/agencia de origen ZA-BP
080 ## - NÚMERO DE LA CLASIFICACIÓN DECIMAL UNIVERSAL
Número de la Clasificación Decimal Universal 9(=98:81)
100 1# - ENTRADA PRINCIPAL--NOMBRE DE PERSONA
Nombre de persona Barros Laraia, Roque.
9 (RLIN) 26058
245 14 - MENCIÓN DEL TÍTULO
Título Los indios de Brasil /
Mención de responsabilidad, etc. Roque Barros Laraia ; traducción, Mario Merlino.
260 ## - PUBLICACIÓN, DISTRIBUCIÓN, ETC.
Lugar de publicación, distribución, etc. Madrid :
Nombre del editor, distribuidor, etc. MAPFRE,
Fecha de publicación, distribución, etc. D.L. 1993.
300 ## - DESCRIPCIÓN FÍSICA
Extensión 260 p., [1] h. ;
Dimensiones 23 cm.
490 1# - MENCIÓN DE SERIE
Mención de serie Colección Indios de América ;
Designación de volumen o secuencia 13
650 14 - PUNTO DE ACCESO ADICIONAL DE MATERIA--TÉRMINO DE MATERIA
Término de materia o nombre geográfico como elemento de entrada Indios de Brasil-
Subdivisión general Historia.
9 (RLIN) 13685
700 1# - ENTRADA AGREGADA--NOMBRE PERSONAL
Nombre de persona Merlino, Mario,
Fechas asociadas al nombre 1948-2009
9 (RLIN) 80578
830 0# - PUNTO DE ACCESO ADICIONAL DE SERIE-TÍTULO UNIFORME
Título uniforme Colección Indios de América ;
Designación de volumen o secuencia 13
9 (RLIN) 179123
852 ## - LOCALIZACIÓN
Ubicación ES-MaACL
Número de control de estantería L-23011
Sublocalización o colección R.124190
Holdings
Estatus retirado Estado de pérdida Estado de daño No para préstamo Biblioteca de origen Biblioteca actual Ubicación en estantería Fecha de adquisición Fuente de adquisición Total de préstamos Signatura topográfica completa Código de barras Visto por última vez Precio de reemplazo Tipo de ítem Koha
        Biblioteca del Ateneo de Madrid Biblioteca del Ateneo de Madrid Depósito 2 17/01/2008     L-23011 1015910 23/02/2023 23/02/2023 Libro impreso